MDQL
is popping MORE tags! Check the
thread
!
Quizzes
Events
Quiz Creation
Community
Videos
Private Events
Remove Ads
Sign In
Join for FREE
Feedback
Dark Mode
Quiz Categories
Sports
Geography
Music
Movies
Television
Just For Fun
Miscellaneous
History
Literature
Language
Science
Gaming
Entertainment
Religion
Holiday
For Kids
Quiz Lab
Recent
Popular Today
Quiz Kudos Today
Editor Picks
Curator Picks
Quizzes by...
Day
Popularity
Type
Ratings
Length
Year
Community
Subscriptions
Recent Discussions
Orange Saloon
Badges
Playlists
Quests
Create
Leaderboards
Showdown
Live 5
Trivia Bingo
Activity
Puzzle Library
Sporcle Events
Private Events
Virtual Trivia
Globe League
Become a Host
Pub Owners
SporcleCon
Opinionation
Our Games
Videos
Blog
Mobile Apps
Partnerships
Remove Ads and Go Orange
Feedback
Sports
Athletes
MLB
NBA
NHL
NFL
Soccer
Sports Teams
WWE
NCAA
Football
Premier League
Basketball
Baseball
Hockey
Golf
Tennis
Cricket
Rugby
Auto Racing
Olympics
World Cup
Sports
Athletes
MLB
NBA
NHL
NFL
Soccer
Sports Teams
WWE
NCAA
Football
Premier League
Basketball
Baseball
Hockey
Golf
Tennis
Cricket
Rugby
Auto Racing
Olympics
World Cup
Random Quiz
Search Sporcle
×
Quiz Lab
Quiz Lab
Sports
Football
Type in answers that appear in a list
Type in answers that appear in a list
Classic
Best Score? Go Orange.
2009 Georgia Football Roster Stats
Can you name the the players on the 2009 Georgia Football Roster?
By
Wolfie
10m
129 Questions
24 Plays
24 Plays
24 Plays
Comments
Comments
Give Quiz Kudos
Give Quiz Kudos
-
- Ratings
hide this ad
Forced Order
Answers have to be entered in order
Answers have to be entered in order
Replay
Link that replays current quiz
Next Quiz
Link to next quiz in quiz playlist
You Got
0%
They Got
Avg Score
15%
Avg Friend Score
Upgrade to see
Score Distribution
Jump to the score distribution portion of the page
Score
0/129
Timer
10:00
0
Plays Today
Number
Player
% Correct
1
Branden Smith
87.5%
2
Brandon Boykin
79.2%
4
Caleb King
79.2%
14
Joe Cox
70.8%
8
AJ Green
66.7%
5
Zach Mettenberger
54.2%
9
Reshad Jones
54.2%
11
Aaron Murray
54.2%
3
Bryan Evans
50%
7
Orson Charles
50%
6
Logan Gray
45.8%
24
Washaun Ealey
45.8%
35
Rennie Curran
45.8%
22
Richard Samuel
33.3%
23
Prince Miller
33.3%
82
Michael Moore
33.3%
95
Jeff Owens
33.3%
15
Marlon Brown
33.3%
12
Tavarres King
29.2%
19
Sanders Commings
29.2%
25
Vance Cuff
29.2%
42
Justin Houston
29.2%
51
Akeem Dent
29.2%
57
Blair Walsh
29.2%
16
Kris Durham
25%
28
Israel Troupe
25%
38
Marcus Dowtin
25%
56
Geno Atkins
25%
31
Quintin Banks
20.8%
37
Akeem Hebron
20.8%
61
Ben Jones
20.8%
81
Aron White
20.8%
13
Kevin Butler
16.7%
29
Makiri Pugh
16.7%
30
Carlton Thomas
16.7%
36
Shawn Williams
16.7%
39
Nick Williams
16.7%
45
Christian Robinson
16.7%
48
Fred Munzenmaier
16.7%
49
Shaun Chapas
16.7%
50
Darryl Gamble
16.7%
60
Clint Boling
16.7%
63
Chris Davis
16.7%
Number
Player
% Correct
89
Bruce Figgins
16.7%
18
Bicarri Rambo
12.5%
27
Dontavius Jackson
12.5%
43
Charles White
12.5%
52
Darius Dewberry
12.5%
58
Demarcus Dobbs
12.5%
72
Vince Vance
12.5%
77
Trinton Sturdivant
12.5%
78
Josh Davis
12.5%
88
Arthur Lynch
12.5%
91
Kade Weston
12.5%
94
DeAngelo Tyson
12.5%
3
Taylor Bradberry
8.3%
10
Jordan Love
8.3%
13
Blake Sailors
8.3%
17
Rontavius Wooten
8.3%
23
Greg Lanier
8.3%
32
Brandon Bogotay
8.3%
33
Chase Vasser
8.3%
39
Dustin Royston
8.3%
47
Chad Gloer
8.3%
53
Jeremy Longo
8.3%
54
Tanner Strickland
8.3%
55
Michael Gilliard
8.3%
64
Dallas Lee
8.3%
67
Jonathan Owens
8.3%
69
Ty Frix
8.3%
71
Cordy Glenn
8.3%
75
Kiante Tripp
8.3%
76
Ben Harden
8.3%
79
Justin Anderson
8.3%
83
Cornelius Washington
8.3%
90
Montez Robinson
8.3%
93
Abry Jones
8.3%
96
Brandon Wheeling
8.3%
97
Brandon Wood
8.3%
98
Ricardo Crawford
8.3%
99
Kwame Geathers
8.3%
4
Christian Norton
4.2%
5
Stephen Braue
4.2%
10
Marquise Brown
4.2%
11
Jeremy Sulek
4.2%
15
Jonathan Batson
4.2%
Number
Player
% Correct
16
Josh Murray
4.2%
19
Craig Sager
4.2%
20
Kalvin Daniels
4.2%
25
Rhett McGowan
4.2%
26
Andrew Johnson
4.2%
28
Corey Dunson
4.2%
30
Eric Elliot
4.2%
36
Wes Van Dyk
4.2%
37
Cortney Newmans
4.2%
38
Chad Klar
4.2%
39
Dustin Banks
4.2%
41
Roderick Battle
4.2%
43
Kevin Lanier
4.2%
44
Josh Sailors
4.2%
44
Marcus Washington
4.2%
46
Justin Fields
4.2%
46
Chris Grund
4.2%
48
Jackson Griffeth
4.2%
49
Jason Veal
4.2%
55
John Parrish
4.2%
59
Casey Nickels
4.2%
64
Matthew DeGenova
4.2%
65
John Bodin
4.2%
65
Devin Hollander
4.2%
68
Chris Burnette
4.2%
68
Ben Harbin
4.2%
70
AJ Harmon
4.2%
73
Austin Long
4.2%
74
Kevin Perez
4.2%
80
Zach Renner
4.2%
84
Trenton Turner
4.2%
85
Nick Franks
4.2%
85
Derrick Lott
4.2%
86
Derek Rich
4.2%
87
Reuben Faloughi
4.2%
87
Vernon Spellman
4.2%
92
Jordan Stowe
4.2%
94
Billy Johnson
4.2%
96
Andrew Jensen
4.2%
97
Scott Eichler
4.2%
98
Trent Dittmer
4.2%
99
Jamie Lindley
4.2%
27
Cameron Allen
4.2%
Quiz Playlist
Details
Report
Send in Message
Add To Playlist
Classic:
Type in answers that appear in a list
Forced Order:
Answers have to be entered in order
Last Updated: Feb 16, 2017
Quiz Scoreboard
CHALLENGE
Sign Up to Join the Scoreboard
Show All
Scores
Hide
Comments
May contain spoilers
Recently Published
1-10 Letter E Words III
by El_Dandy
Language
2m
Street Fighter Characters
by Artimus82
Gaming
60s
College Basketball Coaching Resumes
by pancakes188
Sports
9m
More to Explore
Quiz From the Vault
Featured Blog Post
Where Did the Easter Bunny Come From?
hide this ad
You Might Also Like...
Tags
Football Quiz
Numbers Quiz
2009
Football Roster
Georgia (State)
Player
Roster
Today's Top Quizzes in Sports
Browse Sports
hide this ad
Today's Top Quizzes in Football
Browse Football
Top Contributed Quizzes in Sports
1
2022 World Cup Stars
2
Les meilleurs buteurs des matchs entre le PSG et l’OM
3
FIFA Club World Cup Champions
4
Les entraîneurs de l'OM et du PSG au 21e siècle
5
Criteria MLB: Left Handed Sluggers
6
2023 MLB Unique Player Accomplishments
7
AFC Teams Reveal (Wrong Answers Minefield)
8
Players with Multiple 50 Home Run Seasons
9
5-to-1: FBS Animal Nicknames
10
5-to-1: UK Sports Teams
Explore More
Trending Topics
Harry Potter
Kpop
NBA
Anime
Crossword
Disney
Marvel
Country
Puzzle
NFL
The Office
Song
Pokémon
WWE
Soccer
hide this ad
More By:
Wolfie
Quiz
Plays
Rating
Category
Featured
Created
Clickable US History 1776-Present
5,091
3.50
History
Sep 22, 2018
Most Common Georgia Football Opponents
1,174
1.71
Sports
Jun 2, 2010
100 Most Populous Cities and Towns in Georgia
572
3.71
Geography
Dec 19, 2011
Georgia County Seats
408
Geography
Oct 13, 2009
Name the Black Sabbath Lyrics
370
5.00
Music
Dec 2, 2010
Go to Creator's Profile
Score Distribution
Quiz Creator Spotlight
Wolfie
Follow
Send a Message
Quizzes Created
-
Created Quiz Play Count
-
More By This Creator
Popular Quizzes Today
1
Find the US States - No Outlines Minefield
2
Find the Countries of Europe - No Outlines Minefield
3
The Countries of the World
4
Find the US States
5
Risky Map Clicking: Biggest States A-Z
6
US States
7
Popular People in 1961
8
Movies - When Are They Set?
More Sports Quizzes
France Squad for World Cup 2022 Qualifiers
Quiz Lab
Trending Quizzes
Risky Map Clicking: Least Populous States A-Z
Billboard Blitz: Aretha Franklin
1-10 Letter G Words
Countries of the World: 200 Million BC
1-10 Letter F Words
Recently Updated
Leaping Animals
pecheneg
Reality TV Shows (A-Z)
bhenderson79
Rickey Henderson's Hall of Fame Teammates
pecheneg
Champions League XIs: Arsenal
pecheneg
Quick Pick: Celebrities in WWE's Hall of Fame
aduchscher
A-Z Keypad Blitz II
pecheneg
Multiple Oscar Actors
pecheneg
Mystery Phrase Blitz: Oscar 'Best Actors'
pecheneg
F. Scott Fitzgerald Novels
LTH
Pick 3 Villains
ddd62291
Trending Topics
NBA
Disney
Harry Potter
Kpop
Anime
Crossword
Marvel
Puzzle
NFL
Pokémon
WWE
Song
Soccer
Country
The Office
Your Account Isn't Verified!
In order to create a playlist on Sporcle, you need to verify the email address you used during registration. Go to your
Sporcle Settings
to finish the process.
Report this User
Report this user for behavior that violates our
Community Guidelines
.
Details:
Send Report
Go to the Sporcle.com Mobile Site →
Comments